Dammit-Blink 182 (All lyrics) - Statistics

General Stats
  • This quiz has been taken 82 times
  • The average score is 196 of 249
Answer Stats
Answer % Correct
a
100%
i
100%
I
100%
to
98%
you
98%
it
96%
the
96%
and
93%
is
93%
its
93%
that
93%
your
93%
again
91%
he
91%
on
91%
sees
91%
wont
91%
hear
89%
me
89%
about
87%
her
87%
know
87%
or
87%
tell
87%
think
87%
what
87%
argue
84%
hold
84%
this
84%
try
84%
against
82%
alright
82%
have
82%
im
82%
up
82%
are
80%
did
80%
friend
80%
growing
80%
guess
80%
ill
80%
leaving
80%
must
80%
reasons
80%
turn
80%
youre
80%
down
78%
day
76%
falling
76%
fucked
76%
happen
76%
once
76%
well
76%
we'll
76%
by
73%
face
73%
late
73%
master
73%
pictures
73%
plan
73%
report
73%
short
73%
writing
73%
failing
71%
someone
71%
buck
69%
look
69%
season
69%
through
69%
understands
69%
losing
67%
sad
67%
see
67%
timing
67%
when
67%
ive
64%
youll
64%
you'll
64%
gone
62%
happened
62%
for
60%
long
60%
now
60%
structure
60%
been
58%
calling
58%
everybodys
58%
here
58%
guy
56%
retrace
56%
movie
53%
own
53%
steps
53%
arm
51%
but
51%
maybe
51%
my
51%
ok
51%
pretend
51%
preview
51%
smile
51%
walk
49%
flailing
47%
sneek
47%
at
44%
wave
44%
come
42%
move
42%
show
42%
back
40%
too
40%
it'll
38%
last
38%
youve
36%
hes
33%
charade
22%
No matching quizzes found
Score Distribution
Percent of People with Each Score
Percentile by Number Answered
Your Score History
You have not taken this quiz